Radiohead - 'Reckoner' Lyrics - Statistics

General Stats
  • This quiz has been taken 50 times
  • The average score is 42 of 59
Answer Stats
Answer % Correct
Reckoner
100%
Reckoner
100%
a
97%
a
97%
you
97%
You
97%
you
97%
you
97%
you
97%
we
87%
we
87%
are
82%
to
82%
to
82%
to
82%
for
79%
for
79%
not
79%
take
79%
Take
79%
blame
77%
me
77%
with
77%
with
77%
Can't
74%
Because
72%
Because
72%
it
72%
on
72%
on
72%
Bittersweet
69%
Like
69%
Like
69%
ripples
69%
ripples
69%
separate
69%
separate
69%
blank
67%
blank
67%
shore
67%
shore
67%
all
64%
All
64%
all
64%
All
64%
Dedicated
59%
Dedicated
59%
(In
59%
(In
59%
your
56%
rainbows)
54%
rainbows)
54%
beings
49%
beings
49%
human
49%
human
49%
pleasure
49%
Dancing
41%
distractors
33%
No matching quizzes found
Score Distribution
Percent of People with Each Score
Percentile by Number Answered
Your Score History
You have not taken this quiz